Law & Order Characters Quiz Stats

Quiz Updated Oct 1, 2014

Challenge
Share
Tweet
Score 0/25 Timer 04:00
0 Plays Today
% Correct
Det. Mike Logan (Chris Noth)
79.7%
Det. Lennie Briscoe (Jerry Orbach)
79%
ADA/DA Jack McCoy (Sam Waterston)
78.9%
Det. Reynaldo Curtis (Benjamin Bratt)
66.5%
Det. Edward Green (Jesse L. Martin)
61.1%
ADA Abbie Carmichael (Angie Harmon)
57.5%
DA Arthur Branch (Fred Dalton Thompson)
54.5%
Lt. Anita Van Buren (S. Epatha Merkerson)
53.8%
Capt. Donald Cragen (Dann Florek)
53.2%
DA Adam Schiff (Steven Hill)
51.6%
ADA Ben Stone (Michael Moriarty)
51.2%
Det. Joe Fontana (Dennis Farina)
51%
Det. Kevin Bernard (Anthony Anderson)
48.4%
% Correct
Det. Phil Cerreta (Paul Sorvino)
46.3%
ADA Claire Kincaid (Jill Hennessy)
43.3%
DA Nora Lewin (Dianne Wiest)
41.6%
ADA Jamie Ross (Carey Lowell)
39.3%
Det. Cyrus Lupo (Jeremy Sisto)
38.2%
ADA Serena Southerlyn (Elisabeth Röhm)
34.5%
ADA Paul Robinette (Richard Brooks)
34.3%
ADA Michael Cutter (Linus Roache)
30.8%
Det. Max Greevey (George Dzundza)
28.9%
ADA Consuela 'Connie' Rubirosa (Alana De La Garza)
27.7%
ADA Alexandra Borgia (Annie Parisse)
19.6%
Det. Nina Cassady (Milena Govich)
12.4%

You're not logged in!

Compare scores with friends on all Sporcle quizzes.
Sign Up with Email
OR
Log In

You Might Also Like...

Show Comments

Extras

Top Quizzes Today


Score Distribution

Your Account Isn't Verified!

In order to create a playlist on Sporcle, you need to verify the email address you used during registration. Go to your Sporcle Settings to finish the process.

Report this User

Report this user for behavior that violates our Community Guidelines.

Details: